header

William Shakespear's Hamlet (Record no. 258509)

MARC details
000 -LEADER
fixed length control field 00457nam a22001457a 4500
003 - CONTROL NUMBER IDENTIFIER
control field OSt
005 - DATE AND TIME OF LATEST TRANSACTION
control field 20200616132741.0
008 - FIXED-LENGTH DATA ELEMENTS--GENERAL INFORMATION
fixed length control field 200616b xxu||||| |||| 00| 0 eng d
040 ## - CATALOGING SOURCE
Transcribing agency N/A
050 ## - LIBRARY OF CONGRESS CALL NUMBER
Classification number PR2807.A2H68 1963
100 ## - MAIN ENTRY--PERSONAL NAME
Personal name Cyrus Hoy
245 ## - TITLE STATEMENT
Title William Shakespear's Hamlet
Remainder of title an authoritative text inteelectual backgrounds extracts from the sources essays in criticism
260 ## - PUBLICATION, DISTRIBUTION, ETC. (IMPRINT)
Place of publication, distribution, etc California
Name of publisher, distributor, etc W.W. Norton & Company Inc
Date of publication, distribution, etc 1963
942 ## - ADDED ENTRY ELEMENTS (KOHA)
Source of classification or shelving scheme Library of Congress Classification
Koha item type Long Loan Books
Holdings
Withdrawn status Lost status Source of classification or shelving scheme Damaged status Not for loan Collection code Home library Current library Shelving location Date acquired Total Checkouts Full call number Barcode Date last seen Date checked out Price effective from Koha item type
    Library of Congress Classification     Fiction Rongo University Library Rongo University Library General Stacks 16/06/2020 2 PR2807.A2H68 1963 201618374 05/11/2024 22/10/2024 16/06/2020 Long Loan Books

© 2026 Rongo University
Contact us: librarian | system librarian | Rongo university